000 00470nam a2200193Ia 4500
005 20250603145254.0
008 250603s9999 xx 000 0 und d
020 _a9780632053629
050 _aTH 3361 .W67/
100 _aWordsworth, Paul
245 0 _aLee's building maintenance management
250 _a4th ed.
260 _aUnited Kingdom
260 _bBlackwell Publishing
260 _c2007
300 _a340 p
650 _aUnited Kingdom
942 _cBK
999 _c41371
_d41371